000 00296nam a22001217a 4500
008 180209b xxu||||| |||| 00| 0 eng d
041 _aeng
080 _a159.9
100 _a48
101 _apsi
245 _alate adulthood perspectives on hman development
_crichard.a.k
942 _2udc
_cBK
999 _c42270
_d42270